000
00295nam a22001337a 4500
008
170911b xxu||||| |||| 00| 0 eng d
020
_a
9781557863782
041
_a
eng
080
_a
91
100
_a
42
101
_a
GEO
245
_a
MODERN GEOGRAPHICAL THOUGH
_c
PEET.R
942
_2
udc
_c
BK
999
_c
26943
_d
26943